Pokémon TCG Pocket - Lumière Triomphale - Statistiques

Statistiques générales
  • Ce quiz a été pris 26 fois
  • Le résultat moyen est 53 sur 96
Statistiques - réponses
Numéro Nom de la carte Rareté Type de quiz % Correct
070 Arceus ◆◆◆ Incolore
100%
025 Pikachu Électrique
90%
026 Raichu ◆◆◆ Électrique
90%
049 Nosferalto Obscurité
85%
048 Nosferapti Obscurité
85%
050 Nostenfer ◆◆◆ Obscurité
85%
009 Vortente ◆◆◆ Plante
85%
061 Giratina ◆◆◆ Dragon
80%
071 Arceus EX ◆◆◆◆ Incolore
75%
086 Arceus EX ★★ Incolore
75%
095 Arceus EX ★★★ Incolore
75%
096 Arceus EX Incolore
75%
013 Heatran ◆◆◆ Feu
75%
042 Tarinor Combat
75%
060 Dialga forme Originelle ◆◆◆ Métal
70%
062 Évoli Incolore
70%
053 Magnéti Métal
70%
080 Magnéti Métal
70%
054 Magnéton Métal
70%
023 Palkia forme Originelle ◆◆◆ Eau
70%
010 Phyllali EX ◆◆◆◆ Plante
70%
082 Phyllali EX ★★ Plante
70%
091 Phyllali EX ★★ Plante
70%
057 Tarinorme EX ◆◆◆◆ Métal
70%
085 Tarinorme EX ★★ Métal
70%
094 Tarinorme EX ★★ Métal
70%
041 Tyranocif ◆◆◆ Combat
70%
040 Ymphect ◆◆ Combat
70%
047 Carchacrok EX ◆◆◆◆ Combat
65%
084 Carchacrok EX ★★ Combat
65%
093 Carchacrok EX ★★ Combat
65%
046 Carmache Combat
65%
022 Givrali EX ◆◆◆◆ Eau
65%
083 Givrali EX ★★ Eau
65%
092 Givrali EX ★★ Eau
65%
045 Griknot Combat
65%
035 Motisma ◆◆◆ Psy
65%
069 Shaymin ◆◆ Incolore
65%
081 Shaymin Incolore
65%
039 Embrylex Combat
60%
055 Magnézone ◆◆◆ Métal
60%
021 Blizzaroi ◆◆◆ Eau
55%
020 Blizzi Eau
55%
012 Démolosse ◆◆ Feu
55%
076 Démolosse Feu
55%
033 Ectoplasma ◆◆ Psy
55%
068 Étouraptor ◆◆ Incolore
55%
066 Étourmi Incolore
55%
067 Étourvol Incolore
55%
031 Fantominus Psy
55%
063 Ronflex ◆◆ Incolore
55%
032 Spectrum Psy
55%
075 Adamantin ◆◆ Supporter
50%
090 Adamantin ★★ Supporter
50%
059 Archéodong ◆◆ Métal
50%
058 Archéomire Métal
50%
006 Ceribou Plante
50%
007 Ceriflor Temps Couvert ◆◆ Plante
50%
008 Ceriflor Temps Ensoleillé ◆◆ Plante
50%
011 Malosse Feu
50%
019 Momartik ◆◆ Eau
50%
072 Nacchara ◆◆ Supporter
50%
087 Nacchara ★★ Supporter
50%
024 Phione ◆◆ Eau
50%
036 Simularbre ◆◆ Combat
50%
079 Simularbre ★★ Combat
50%
015 Azumarill Eau
45%
014 Marill Eau
45%
077 Marill Eau
45%
074 René ◆◆ Supporter
45%
089 René ★★ Supporter
45%
018 Stalgamin Eau
45%
005 Apireine ◆◆ Plante
40%
004 Apitrini Plante
40%
073 Doyenne de Célestia ◆◆ Supporter
40%
088 Doyenne de Célestia ★★ Supporter
40%
030 Mélodelfe ◆◆ Psy
40%
029 Mélofée Psy
40%
056 Mysdibule Métal
40%
001 Scarhino ◆◆ Plante
40%
034 Zarbi ◆◆ Psy
40%
078 Zarbi Psy
40%
044 Charmina ◆◆ Combat
35%
002 Cheniti Plante
35%
043 Méditikka Combat
35%
003 Papilord ◆◆ Plante
35%
027 Dynavolt Électrique
30%
028 Élecsprint ◆◆ Électrique
30%
038 Donphan ◆◆ Combat
25%
037 Phanpy Combat
25%
017 Barbicha ◆◆ Eau
20%
016 Barloche Eau
20%
052 Coatox ◆◆ Obscurité
20%
051 Cradopaud Obscurité
20%
064 Hoothoot Incolore
20%
065 Noarfang ◆◆ Incolore
20%
Aucun quiz correspondant
Distribution des résultats
% des personnes avec chaque résultat
Percentile par nombre de réponses
Votre historique - résultats
Vous n’avez pas pris ce quiz